000 00761nam a2200193Ii 4500
003 JO-AjNU
008 230606s9999||||xx |||||||||||||| ||und||
040 _aJO-AjNU
_beng
_erda
_cJO-AjNU
041 _aeng
050 1 4 _aPE1128 2016
100 3 _aPreparation Islam Mohammad AL-Mstereehi ؛ Supervisor Mahmoud AL-Sobh, Co Supervisor Samer AL-Zoubi,
_eauthor
_95806
245 0 3 _aAn Analysis of Essays Written by Ajloun National University Students English Language Majors
264 3 1 _aAjIoun: AjIoun National University, 2016
300 _a36p
_b Graduation project, AjIoun National University, 2016
336 _atext
_btxt
_2rdacontent
337 _aunmediated
_bn
_2rdamedia
338 _avolume
_bnc
_2rdacarrier
650 4 _aLanguage - Literature
_95807
999 _aE3012
_c3009
_d3009